00518nam a2200181 a 4500001001300000003000900013005001700022008004100039020001000080082001900090100002500109245007100134260004400205300000800249500003500257650001900292700002500311nice12345678IN_TiNIC20260116012637.0080214s1911 lona grp 000 0 ger  ac10000a438.3421bSMI1 aSmissen, W H Van Der aKey to Harrap`s Modern German Grammar With Some Notes for Teachers aLondon bGeorge G. Harrap and Co c1911 a86p aincludes index and biblioraphy aGerman Grammar1 aSmissen, W H Van Der